Pracovné vzťahy v obecnej samospráve a ich právna úprava

Charakter pracovných vzťahov v obecnej samospráve. Obec ako zamestnávateľ. Pracovnoprávne postavenie starostu a poslanca. Charakter a právny rámec výkonu kunkcií.

Salvato in:
Dettagli Bibliografici
Autore principale: Thurzová, Marta
Natura: Capitolo di libro
Lingua:slovacco
Soggetti:
Tags: Aggiungi Tag
Nessun Tag, puoi essere il primo ad aggiungerne!!

MARC

LEADER 00000naa a2200000 4500
001 0148143
005 20231208081952.0
041 0 |a slo 
044 |a SK 
245 1 0 |a Pracovné vzťahy v obecnej samospráve a ich právna úprava  |c Marta Thurzová 
520 |a Charakter pracovných vzťahov v obecnej samospráve. Obec ako zamestnávateľ. Pracovnoprávne postavenie starostu a poslanca. Charakter a právny rámec výkonu kunkcií. 
610 2 0 |a právo pracovné 
610 2 0 |a úpravy právne 
610 2 0 |a samospráva 
610 2 0 |a obce 
610 2 0 |a kompetencie 
610 2 0 |a vzťahy pracovnoprávne 
100 1 |a Thurzová, Marta